000 00746nam a22001937a 4500
999 _c165960
_d165960
005 20190711110530.0
010 _aB-728475
020 _a9789385888786
_c210.00
035 _aB-728475
037 _bRK Books
082 _a158
100 _aSingh,B. K.
245 _aUpkar's railway recruitment board assistant station master:
_bpsychological & aptitude test /
_cby B. K. Singh
260 _aAgra
_bUpkar Prakashan
_c(201?)
270 _a2/11A, Swadeshi Bima Nagar
_bAgra
_e282002
300 _avarious pagings:
_bill.
_c27cm(pbk)
942 _2ddc
_cEN
_h158
_mSIN